South Eastern Kenya University

Library Online Public Access Catalogue


The Builders : (Record no. 8581)

MARC details
000 -LEADER
fixed length control field 00428mam a2200145 a 4500
020 ## - ISBN
International Standard Book Number 0870448366
020 ## - ISBN
International Standard Book Number 0870448374 (Deluxe)
050 00 - LIBRARY OF CONGRESS CALL NUMBER
Classification Number TA15
Item Number .B85 1992
245 04 - TITLE
Title The Builders :
Remainder of title marvels of engineering /
Statement of responsibility, etc published by the Book Division, National Geographic Society.
260 ## - PUBLICATION, DISTRIBUTION, ETC.(IMPRINT)
Place of publication, distribution, etc Washington, DC :
Name of publisher, distributor, etc The Society,
Date of publication, distribution, etc 1992.
300 ## - PHYSICAL DESCRIPTION
Extent 288 p. :
500 ## - GENERALNOTE
General note Includes index.
650 #0 - SUBJECT--TOPIC
General subdivision History.
942 ## - ADDED ENTRY ELEMENTS(KOHA)
Source of classification or shelving scheme Library of Congress Classification
Koha item type General circulation
Holdings
Source of classification or shelving scheme Not for loan Location (home branch) Sublocation (holding branch) Shelving location Date accessioned Full call number Barcode Koha item type Public note
Library of Congress Classification   Main Campus Library Main Campus Library   06/08/2015 TA15 .B85 1992 2015/006793 General circulation amm
Kitui, Kenya.
+254736116989
library@seku.ac.ke